LEADER 01283nam--2200385---450- 001 990001074090203316 005 20090526130049.0 035 $a000107409 035 $aUSA01000107409 035 $a(ALEPH)000107409USA01 035 $a000107409 100 $a20020502d200-----km-y0itay0103----ba 101 $aita$blat 102 $aIT 105 $ay|||z|||001yy 200 1 $aDamnum iniuria datum$ela responsabilitą extra-contrattuale nel diritto romano; con particolare riguardo alla lex Aquilia de damno$fFrancesco M. De Robertis 210 $aBari$cCacucci$d[200?] 215 $av.$d25 cm 327 1 $av.2.: P.161-233. - Copyr.2002. - ISBN 88-8422-152-8 410 0$12001 606 0$aDamnum iniuria datum 606 0$aResponsabilitą extracontrattuale$xDiritto romano 606 0$aLex Aquilia 676 $a346.3703 700 1$aDE ROBERTIS,$bFrancesco M.$0187089 801 0$aIT$bsalbc$gISBD 912 $a990001074090203316 951 $aXXII.2.D 195/2 (IG XVIII 175/2)$b32681 G.$cXXII.2.D 195/2 (IG XVIII)$d00081008 959 $aBK 969 $aGIU 979 $aPAOLA$b90$c20020502$lUSA01$h1207 979 $aPATRY$b90$c20040406$lUSA01$h1714 979 $aRSIAV5$b90$c20090526$lUSA01$h1300 996 $aDamnum iniuria datum$9706266 997 $aUNISA LEADER 01344nam 2200433 450 001 9910583372403321 005 20220910090912.0 010 $a0-12-809278-5 035 $a(CKB)4100000000864075 035 $a(MiAaPQ)EBC5106112 035 $a(NjHacI)994100000000864075 035 $a(EXLCZ)994100000000864075 100 $a20220910d2018 uy 0 101 0 $aeng 135 $aur||||||||||| 181 $ctxt$2rdacontent 182 $cc$2rdamedia 183 $acr$2rdacarrier 200 10$aContemporary Security Management /$fJohn Fay, David Patterson 205 $aFourth edition. 210 1$aOxford, England ;$aCambridge, Massachusetts :$cButterworth-Heinemann,$d[2018] 210 4$d©2018 215 $a1 online resource (531 pages) $cillustrations 320 $aIncludes bibliographical references and index. 606 $aIndustries$xSecurity measures 606 $aPrivate security services 606 $aPersonnel management 615 0$aIndustries$xSecurity measures. 615 0$aPrivate security services. 615 0$aPersonnel management. 676 $a658.47 700 $aFay$b John$01259110 702 $aPatterson$b David 801 0$bNjHacI 801 1$bNjHacl 906 $aBOOK 912 $a9910583372403321 996 $aContemporary Security Management$92917781 997 $aUNINA